Movies Quiz

Random Movies or Actor Quiz

Movie Road Trips II Quiz Stats

Quiz Updated Mar 6, 2017

Also try: Movie Road Trips
Challenge
Share
Tweet
Embed
Score 0/18 Timer 07:00
0 Plays Today
Actor/Actress Movie % Correct
Judy GarlandThe Wizard of Oz
93.9%
Elijah WoodThe Lord of the Rings Trilogy
86.5%
Leonardo DiCaprioTitanic
78.5%
Macaulay CulkinHome Alone 2
69.3%
Nicolas CageThe Rock
58.5%
Jeff DanielsDumb and Dumber
58.4%
Jonah HillGet Him to the Greek
53.9%
Albert BrooksFinding Nemo
46.3%
Colin HanksOrange County
39.9%
Actor/Actress Movie % Correct
Josh BrolinThe Goonies
37.6%
Ben StillerThere's Something About Mary
35.9%
Janet LeighPsycho
27.9%
Dennis QuaidThe Day After Tomorrow
24.1%
Whoopi GoldbergRat Race
20%
Edward FurlongDetroit Rock City
18.2%
Tom CruiseWar of the Worlds
16.1%
Keir Dullea2001: A Space Odyssey
13.9%
Cillian MurphyInception
13.4%

You're not logged in!

Compare scores with friends on all Sporcle quizzes.
Sign Up with Email
OR
Log In

You Might Also Like...

Show Comments

Extras

Top Quizzes Today


Score Distribution

Your Account Isn't Verified!

In order to create a playlist on Sporcle, you need to verify the email address you used during registration. Go to your Sporcle Settings to finish the process.